Electric power distribution / (Record no. 355201)

000 -LEADER
fixed length control field 01279nam a2200277 a 4500
001 - CONTROL NUMBER
control field ASIN0071447830
003 - CONTROL NUMBER IDENTIFIER
control field Nust- CAS-E
005 - DATE AND TIME OF LATEST TRANSACTION
control field 20180118181353.0
008 - FIXED-LENGTH DATA ELEMENTS--GENERAL INFORMATION
fixed length control field 140211s2004 xxu eng d
020 ## - INTERNATIONAL STANDARD BOOK NUMBER
International Standard Book Number 0071447830 (hardcover)
Terms of availability $150.00
020 ## - INTERNATIONAL STANDARD BOOK NUMBER
International Standard Book Number 9780071447836 (hardcover)
040 ## - CATALOGING SOURCE
Transcribing agency 0
050 04 - LIBRARY OF CONGRESS CALL NUMBER
Classification number TK3001
082 04 - DEWEY DECIMAL CLASSIFICATION NUMBER
Classification number 621.319
Author Mark PAB 2005
100 1# - MAIN ENTRY--PERSONAL NAME
Personal name Pabla, A.
245 10 - TITLE STATEMENT
Title Electric power distribution /
Statement of responsibility, etc. A. Pabla.
250 ## - EDITION STATEMENT
Edition statement 1st ed.
260 ## - PUBLICATION, DISTRIBUTION, ETC.
Place of publication, distribution, etc. [S.l.] :
Name of publisher, distributor, etc. McGraw-Hill Professional,
Date of publication, distribution, etc. 2004.
300 ## - PHYSICAL DESCRIPTION
Extent 878 p. ;
Dimensions 24 cm.
490 1# - SERIES STATEMENT
Series statement Mcgraw-hill professional engineering.
520 ## - SUMMARY, ETC.
Summary, etc. The distribution of electric power is being roiled by new technologies, poor maintenance, and privatisation. This is a single-source reference book for power distribution, from planning fundamentals to preventing catastrophic failure (blackouts) to nuts-and-bolts maintenance. Aimed at working engineers, technicians, and graduate students, this wide-ranging book includes detailed examples and worked real world problems in each chapter.
650 #0 - SUBJECT ADDED ENTRY--TOPICAL TERM
Topical term or geographic name entry element Electric power distribution
830 #0 - SERIES ADDED ENTRY--UNIFORM TITLE
Uniform title Mcgraw-hill professional engineering.
856 40 - ELECTRONIC LOCATION AND ACCESS
Materials specified Amazon.com
Uniform Resource Identifier <a href="http://www.amazon.com/exec/obidos/ASIN/0071447830/chopaconline-20">http://www.amazon.com/exec/obidos/ASIN/0071447830/chopaconline-20</a>
942 ## - ADDED ENTRY ELEMENTS (KOHA)
Source of classification or shelving scheme
Koha item type Book
Holdings
Withdrawn status Lost status Source of classification or shelving scheme Damaged status Not for loan Permanent Location Current Location Shelving location Date acquired Source of acquisition Total Checkouts Full call number Barcode Date last seen Copy number Cost, replacement price Price effective from Koha item type Collection code
          US-Pakistan Center for Advanced Studies in Energy (USPCAS-E) US-Pakistan Center for Advanced Studies in Energy (USPCAS-E) General Stacks 10/04/2013 Victoria co   621.319 PAB 2005 CAS-E0000049 02/11/2014 01 14801.00 02/11/2014 Book  
          US-Pakistan Center for Advanced Studies in Energy (USPCAS-E) US-Pakistan Center for Advanced Studies in Energy (USPCAS-E) General Stacks 10/04/2013 Victoria co   621.319 PAB 2005 CAS-E0000050 02/11/2014 02 14801.00 02/11/2014 Book  
          US-Pakistan Center for Advanced Studies in Energy (USPCAS-E) US-Pakistan Center for Advanced Studies in Energy (USPCAS-E) General Stacks 04/23/2013 Anas Traders   621.319 PAB 2005 CAS-E0000313 07/21/2014 03 0.00 07/21/2014 Book  
          US-Pakistan Center for Advanced Studies in Energy (USPCAS-E) US-Pakistan Center for Advanced Studies in Energy (USPCAS-E) General Stacks 04/23/2013 Anas Traders   621.319 PAB 2005 CAS-E0000314 07/21/2014 04 0.00 07/21/2014 Book  
          US-Pakistan Center for Advanced Studies in Energy (USPCAS-E) US-Pakistan Center for Advanced Studies in Energy (USPCAS-E) General Stacks 04/23/2013 Anas Traders   621.319 PAB 2005 CAS-E0000315 07/21/2014 05 0.00 07/21/2014 Book  
© 2023 Central Library, National University of Sciences and Technology. All Rights Reserved.